Colors that begin with the letter R - Statistics

General Stats
  • This quiz has been taken 635 times
  • The average score is 5 of 12
Answer Stats
Hint Answer % Correct
Red
98%
Rose
59%
Rust
51%
Royal Blue
50%
Ruby
41%
Russet
37%
Raspberry
31%
Royal Purple
28%
Raw Umber
17%
Raw Sienna
15%
Robin Egg Blue
14%
Razzmatazz
12%
No matching quizzes found
Score Distribution
Percent of People with Each Score
Percentile by Number Answered
Your Score History
You have not taken this quiz